000 00389nam a2200121Ia 4500
008 220615s9999||||xx |||||||||||||| ||und||
100 _aPuccio-Den, Deborah
245 0 _aMafiacraft
_bAn Ethnography of Deadly Silence
546 _aEnglish[eng]
650 _aSocial Science||Sociology
856 _uhttps://library.oapen.org/bitstream/20.500.12657/51524/1/external_content.pdf
942 _cEB
999 _c16769
_d16769